| 000 | 00376nam a22001337a 4500 | ||
|---|---|---|---|
| 008 | 160613b xxu||||| |||| 00| 0 eng d | ||
| 020 | _a9780803616561 | ||
| 020 | _a9780803616561 | ||
| 020 | _a0803616562 | ||
| 041 | _aeng | ||
| 080 | _a618.2 | ||
| 245 |
_aClinical applications of nursing diagnossis: _cSusan A. Newfield; Mittie D..Hinz; Donna Scott Tilley; |
||
| 942 |
_2udc _cBK |
||
| 999 |
_c2473 _d2473 |
||